|
|
|
|
| LEADER |
00000cam a2200000 i 4500 |
| 001 |
1/958 |
| 008 |
090821s2006 gr | ||| |||| ||gre|| |
| 020 |
|
|
|a 9604181041
|
| 035 |
|
|
|l 10105423
|
| 040 |
|
|
|a GR-MyUa
|b gre
|e AACR2
|
| 041 |
0 |
|
|a gre
|
| 082 |
7 |
|
|a 004.678
|2 (22)
|
| 100 |
1 |
|
|a Βενιέρης, Ιάκωβος Στ.,
|d 1965-
|
| 245 |
1 |
0 |
|a Τεχνολογίες διαδικτύου /
|c Ιάκωβος Στ. Βενιέρης, Ευγενία Νικολούζου.
|
| 250 |
|
|
|a 2η έκδ.
|
| 260 |
|
|
|a Θεσσαλονίκη :
|b Τζιόλα,
|c c2006.
|
| 300 |
|
|
|a 384 σ. ;
|c 25 εκ.
|
| 504 |
|
|
|a Βιβλιογραφία: σ. 363-371. Ευρετήριο.
|
| 650 |
0 |
0 |
|a Computer networks.
|
| 650 |
0 |
0 |
|a Internet.
|
| 700 |
1 |
|
|a Νικολούζου, Ευγενία.
|
| 852 |
|
|
|a INST
|b SYROS
|e 20100922
|h 004.678 ΒΕΝ
|p 005500007627
|q 005500007627
|t BK
|y 0
|
| 852 |
|
|
|a INST
|b SYROS
|e 20090821
|h 004.678 ΒΕΝ
|p 005500008259
|q 005500008259
|t BK
|y 0
|
| 901 |
|
|
|a BIBL5-2010-2
|
| 901 |
|
|
|a BIBL5-2009-2
|
| 970 |
|
|
|a ΚΟΝΤΟΥ
|b ΠΑΡΑΣΚΕΥΗ
|z 2009/08/21
|